000 00623nam a2200181 i 4500
001 120133
003 ES-MaACL
005 20251012063047.0
007 t|
008 070214s1969 sp r ||||1| spa d
100 1 _aPérez Vidal, José,
_d1907-1990
_9160934
245 1 0 _aAportación portuguesa a la población de Canarias /
_cpor José Pérez Vidal.
260 _aMadrid :
_bPatronato de la `Casa de Colón`,
_c1969.
300 _a33 h. ;
_c24 cm.
500 _aEs tirada aparte de `Anuario de Estudios Atlánticos`, año 1968, nº 14.
852 _aES-MaACL
_j2087-F-15
_bR.89911
999 _c120133
_d120133